|
|
|
|
| LEADER |
01603nam a2200421 i 4500 |
| 001 |
EBC4397417 |
| 003 |
MiAaPQ |
| 005 |
20200520144314.0 |
| 006 |
m o d | |
| 007 |
cr cnu|||||||| |
| 008 |
160315s2016 enka o 001 0 eng|d |
| 020 |
|
|
|z 9781783605859
|
| 020 |
|
|
|a 9781783605866 (e-book)
|
| 035 |
|
|
|a (MiAaPQ)EBC4397417
|
| 035 |
|
|
|a (Au-PeEL)EBL4397417
|
| 035 |
|
|
|a (CaPaEBR)ebr11160992
|
| 035 |
|
|
|a (CaONFJC)MIL880018
|
| 035 |
|
|
|a (OCoLC)941695616
|
| 040 |
|
|
|a MiAaPQ
|b eng
|e rda
|e pn
|c MiAaPQ
|d MiAaPQ
|
| 050 |
|
4 |
|a HM881
|b .B49 2016
|
| 082 |
0 |
|
|a 303.44
|2 23
|
| 245 |
0 |
0 |
|a Beyond colonialism, development and globalization :
|b social movements and critical perspectives /
|c edited by Dominique Caouette and Dip Kapoor.
|
| 264 |
|
1 |
|a London :
|b Zed Books,
|c 2016.
|
| 300 |
|
|
|a 1 online resource (306 pages) :
|b illustrations
|
| 336 |
|
|
|a text
|2 rdacontent
|
| 337 |
|
|
|a computer
|2 rdamedia
|
| 338 |
|
|
|a online resource
|2 rdacarrier
|
| 500 |
|
|
|a Includes index.
|
| 588 |
|
|
|a Description based on online resource; title from PDF title page (ebrary, viewed March 15, 2016).
|
| 590 |
|
|
|a Electronic reproduction. Ann Arbor, MI : ProQuest, 2016. Available via World Wide Web. Access may be limited to ProQuest affiliated libraries.
|
| 650 |
|
0 |
|a Social movements.
|
| 650 |
|
0 |
|a Globalization.
|
| 650 |
|
0 |
|a World politics.
|
| 655 |
|
4 |
|a Electronic books.
|
| 700 |
1 |
|
|a Caouette, Dominique,
|e editor.
|
| 700 |
1 |
|
|a Kapoor, Dip,
|e editor.
|
| 797 |
2 |
|
|a ProQuest (Firm)
|
| 856 |
4 |
0 |
|u https://ebookcentral.proquest.com/lib/matrademy/detail.action?docID=4397417
|z Click to View
|